000 00901 a2200241 4500
003 Nust
005 20170207154010.0
010 _a 00032091
020 _a0471626929 (alk. paper)
040 _cNust
082 0 0 _a621.382/2
100 1 _aVaseghi, Saeed V.
245 1 0 _aAdvanced digital signal processing and noise reduction-(E-BOOK)
_cSaeed V. Vaseghi.
250 _a2nd ed.
260 _aChichester ;
_aNew York :
_bJohn Wiley,
_cc2000.
300 _axxiii, 473 p. :
_bill. ;
_c25 cm.
650 0 _aDigital filters (Mathematics)
650 0 _aElectronic noise.
650 0 _aSignal processing.
856 4 2 _3Contributor biographical information
_uhttp://www.loc.gov/catdir/enhancements/fy0607/75326350-b.html
856 4 2 _3Publisher description
_uhttp://www.loc.gov/catdir/description/wiley034/75326350.html
856 4 2 _3Table of Contents only
_uhttp://www.loc.gov/catdir/toc/onix05/75326350.html
942 _2ddc
_cBK
999 _c191168
_d191168